Современный нефтехимический комплекс и проектирование нефтехимических предприятий: учебное пособие

Podrobná bibliografie
Hlavní autor: Олейник Л. Н.
Korporativní autor: Омский государственный технический университет (ОмГТУ)
Další autoři: Подгорный С. О.
Shrnutí:В учебном пособии представлены общие сведения о работе предприятий нефтеперерабатывающей отрасли, изложены основные направления переработки нефти, приведены варианты технологических схем нефтеперерабатывающих заводов. В работе обобщены основные требования, предъявляемые к продукции нефтеперерабатывающих предприятий, действующие на территории стран ЕС, США и РФ, а также тенденции их ужесточения. Рассмотрен пример разработки курсового проекта. Учебное пособие предназначено для студентов специальности 240401 «Химическая технология органических веществ» и направления 240100.62 «Химическая технология и биотехнология», преподавателей и специалистов, занимающихся вопросами нефтепереработки.
Jazyk:ruština
Vydáno: Омск, Изд-во ОмГТУ, 2008
Témata:
Médium: MixedMaterials Kniha
KOHA link:https://koha.lib.tpu.ru/cgi-bin/koha/opac-detail.pl?biblionumber=162433

MARC

LEADER 00000nam0a2200000 4500
001 162433
005 20231101222324.0
010 |a 9785814906212 
035 |a (RuTPU)RU\TPU\book\176164 
090 |a 162433 
100 |a 20090622d2008 m y0rusy50 ca 
101 0 |a rus 
102 |a RU 
105 |a a j 001zy 
200 1 |a Современный нефтехимический комплекс и проектирование нефтехимических предприятий  |e учебное пособие  |f Л. Н. Олейник, С. О. Подгорный  |g Омский государственный технический университет (ОмГТУ) 
210 |a Омск  |c Изд-во ОмГТУ  |d 2008 
215 |a 122 с.  |c табл. 
320 |a Библиогр.: с. 119-120. 
330 |a В учебном пособии представлены общие сведения о работе предприятий нефтеперерабатывающей отрасли, изложены основные направления переработки нефти, приведены варианты технологических схем нефтеперерабатывающих заводов. В работе обобщены основные требования, предъявляемые к продукции нефтеперерабатывающих предприятий, действующие на территории стран ЕС, США и РФ, а также тенденции их ужесточения. Рассмотрен пример разработки курсового проекта. Учебное пособие предназначено для студентов специальности 240401 «Химическая технология органических веществ» и направления 240100.62 «Химическая технология и биотехнология», преподавателей и специалистов, занимающихся вопросами нефтепереработки. 
606 1 |a Нефтеперерабатывающие заводы  |x Проектирование,оптимальное  |2 stltpush  |3 (RuTPU)RU\TPU\subj\33894  |9 56008 
610 1 |a нефтехимическая промышленность 
610 1 |a нефть 
610 1 |a переработка 
610 1 |a направления 
610 1 |a технологические схемы 
610 1 |a нефтехимические предприятия 
610 1 |a критерии 
610 1 |a товарные нефтепродукты 
610 1 |a моторное топливо 
610 1 |a нефтяные битумы 
610 1 |a нефтяной кокс 
610 1 |a нефтяные масла 
610 1 |a котельное топливо 
610 1 |a сырье 
610 1 |a технический углерод 
610 1 |a эксплуатационные свойства 
610 1 |a углеводородные фракции 
610 1 |a ксилолы 
610 1 |a курсовое проектирование 
610 1 |a курсовые проекты 
610 1 |a структура 
610 1 |a учебные пособия 
675 |a 665.63.013.5(075.8)  |v 3 
700 1 |a Олейник  |b Л. Н. 
701 1 |a Подгорный  |b С. О. 
712 0 2 |a Омский государственный технический университет (ОмГТУ)  |2 stltpush  |3 (RuTPU)RU\TPU\col\394 
801 1 |a RU  |b 63413507  |c 20090622  |g PSBO 
801 2 |a RU  |b 63413507  |c 20150821  |g RCR 
900 |a Технологическое проектирование и типовое оборудование нефтехимических производств 
900 |a Организация, технология и проектирование предприятий 
942 |c BK 
959 |a 74/20090619  |d 7  |e 322,00  |f АНЛ:1  |f УФ:3  |f ЧЗТЛ:3